Loading...
| Literature - British | 0 | 13 | 1 | 3 | 125 | 26 | 113.15 | 1 | 4 | 0.00 | 0.00 |
| Philosophy | 0 | 13 | 2 | 0 | 120 | 50 | 91.23 | 2 | 5 | 0.00 | 0.00 |
| Any History | 0 | 11 | 0 | 2 | 110 | 53 | 106.82 | 1 | 4 | 0.00 | 0.00 |
| Literature - World | 0 | 11 | 2 | 0 | 100 | 70 | 107.36 | 2 | 3 | 0.00 | 0.00 |
| History - American | 0 | 11 | 2 | 2 | 100 | 71 | 101.55 | 0 | 2 | 0.00 | 0.00 |
| Literature - American | 0 | 10 | 0 | 2 | 100 | 45 | 113.70 | 0 | 2 | 0.00 | 0.00 |
| Science - Physics | 0 | 9 | 0 | 5 | 90 | 52 | 110.89 | 1 | 1 | 0.00 | 0.00 |
| Painting & Sculpture | 0 | 10 | 2 | 1 | 90 | 69 | 97.10 | 1 | 3 | 0.00 | 0.00 |
| History - European | 0 | 10 | 2 | 4 | 90 | 75 | 117.50 | 0 | 1 | 0.00 | 0.00 |
| Social Science | 0 | 9 | 3 | 1 | 75 | 53 | 97.78 | 0 | 3 | 0.00 | 0.00 |
| Religion | 0 | 8 | 2 | 0 | 70 | 67 | 94.13 | 0 | 1 | 0.00 | 0.00 |
| Literature - European | 0 | 9 | 4 | 0 | 70 | 50 | 97.11 | 2 | 5 | 0.00 | 0.00 |
| History - World | 0 | 7 | 2 | 0 | 60 | 58 | 95.00 | 0 | 1 | 0.00 | 0.00 |
| Fine Arts - Other | 0 | 6 | 1 | 1 | 55 | 100 | 116.50 | 0 | 2 | 0.00 | 0.00 |
| Mythology | 0 | 6 | 1 | 1 | 55 | 74 | 116.00 | 0 | 1 | 0.00 | 0.00 |
| Science - Chemistry | 0 | 6 | 2 | 1 | 50 | 48 | 100.50 | 1 | 1 | 0.00 | 0.00 |
| Science - Other | 0 | 6 | 2 | 2 | 50 | 99 | 122.17 | 0 | 0 | 0.00 | 0.00 |
| Fine Arts - Classical Music | 0 | 7 | 4 | 1 | 50 | 77 | 121.71 | 0 | 1 | 0.00 | 0.00 |
| Science - Biology | 0 | 5 | 2 | 3 | 40 | 109 | 122.80 | 0 | 0 | 0.00 | 0.00 |
| Geography | 0 | 2 | 1 | 1 | 15 | 146 | 146.00 | 0 | 0 | 0.00 | 0.00 |
| Other Academic | 0 | 1 | 0 | 0 | 10 | 138 | 138.00 | 0 | 0 | 0.00 | 0.00 |
| Current Events | 0 | 0 | 0 | 0 | 0 | 0.00 | 0 | 0 | 0.00 | 0.00 |